00597 2200217 4500001002100000005001700021008004100038035002400079040001200103082001000115090001700125100002500142245007600167250001100243260003500254300002400289500001100313650002200324850001200346990002100358YOGYA-0209000002700520090227024115.0 ind  0010-020900000027005 aYOPDYOG a303.4 a303.4bSos T aSOSRODIHARJO, Sujito aTransformasi sosialbmenuju masyarakat industricSoedjito Sosrodihardjo aCet. 1 aYogyakartabTiara Wacanac1986 axii, 146 hlmc21 cm aIndeks aSosial, Perubahan aYOPDYOG a19179-PD/A.06b1